[Event "ESP-ch U18"]
[Site "Salobrena"]
[Date "2023.07.31"]
[Round "1"]
[White "Tabuenca Mendataurigoitia, Daniel"]
[Black "Candela Martin, Alvaro"]
[Result "1-0"]
[WhiteElo "2358"]
[BlackElo "1873"]
[PlyCount "67"]
[EventDate "2023.07.31"]
[EventType "swiss"]
[EventRounds "9"]
[EventCountry "ESP"]
[SourceTitle "CBM 215 Extra"]
[Source "ChessBase"]
[SourceDate "2023.09.30"]
[SourceVersion "1"]
[SourceVersionDate "2023.09.30"]
[SourceQuality "1"]

1. e4 e5 2. Nf3 Nc6 3. d4 exd4 4. Nxd4 Bb4+ 5. c3 Bc5 6. Be3 Bb6 7. Nf5 d5 8. Nxg7+ Kf8 9. Nh5 Qh4 10. Ng3 dxe4 11. Be2 Be6 12. 0-0 Nf6 13. Nd2 Rd8 14. Bxb6 axb6 15. Qc2 Bd5 16. Rae1 Ne5 17. c4 Bc6 18. Qc3 Qf4 19. Nb3 h5 20. Qe3 Qxe3 21. fxe3 Nfg4 22. Bxg4 Nxg4 23. Nd4 Kg7 24. Rf4 Kg6 25. Ngf5 Rhe8 26. Ref1 f6 27. h3 Nxe3 28. Nxe3 Rxd4 29. Rxf6+ Kh7 30. Rf7+ Kg6 31. R1f6+ Kg5 32. h4+ Kxh4 33. Rg7 Bd7 34. Rf4+ 1-0

[Event "Madrid-chT Honor 2223"]
[Site "Madrid"]
[Date "2023.02.04"]
[Round "8.6"]
[White "Candela Martin, Alvaro"]
[Black "Alba Linero, Emilio"]
[Result "0-1"]
[WhiteElo "1848"]
[BlackElo "2163"]
[PlyCount "108"]
[EventDate "2022.11.20"]
[EventType "team-tourn"]
[EventRounds "14"]
[EventCountry "ESP"]
[SourceTitle "EXT 2024"]
[Source "ChessBase"]
[SourceDate "2023.10.10"]
[SourceVersion "1"]
[SourceVersionDate "2023.10.10"]
[SourceQuality "1"]
[WhiteTeam "Alcala de Henares"]
[BlackTeam "Blanco y Negro"]
[WhiteTeamCountry "ESP"]
[BlackTeamCountry "ESP"]

1. e4 e5 2. Nf3 Nc6 3. Bc4 Bc5 4. 0-0 Nf6 5. d3 d6 6. c3 0-0 7. Bb3 a6 8. Nbd2 d5 9. exd5 Nxd5 10. Re1 f6 11. Ne4 Be7 12. d4 exd4 13. Nxd4 f5 14. Ng3 f4 15. Bxf4 Rxf4 16. Bxd5+ Qxd5 17. Nxc6 Qxc6 18. Rxe7 Bg4 19. Qd2 Raf8 20. Rf1 h5 21. f3 h4 22. fxg4 hxg3 23. Rxg7+ Kxg7 24. Rxf4 Qc5+ 25. Qd4+ Qxd4+ 26. Rxd4 Rf1+ 27. Kxf1 gxh2 28. Rd2 h1Q+ 29. Kf2 Qh4+ 30. Kf3 Qf6+ 31. Ke2 Qe6+ 32. Kd1 Qxa2 33. Kc2 Qa4+ 34. Kb1 Qxg4 35. b3 c5 36. Kc1 b5 37. Kb2 a5 38. Rc2 c4 39. b4 axb4 40. cxb4 Qg3 41. Rc3 Qxg2+ 42. Ka3 Qa8+ 43. Kb2 Qa4 44. Kc1 Qxb4 45. Rc2 Kf6 46. Rb2 Qe1+ 47. Kc2 b4 48. Rb1 b3+ 49. Kb2 Qd2+ 50. Ka3 Qa2+ 51. Kb4 Qxb1 52. Kc3 Qc2+ 53. Kb4 b2 54. Ka3 Qb3# 0-1

[Event "Madrid Alcorcon op 1st"]
[Site "Madrid"]
[Date "2022.12.28"]
[Round "6"]
[White "Torres Rebolledo, Alvaro"]
[Black "Candela Martin, Alvaro"]
[Result "1-0"]
[WhiteElo "1687"]
[BlackElo "1917"]
[PlyCount "145"]
[EventDate "2022.12.26"]
[EventType "swiss"]
[EventRounds "9"]
[EventCountry "ESP"]
[SourceTitle "CBM 212 Extra"]
[Source "ChessBase"]
[SourceDate "2023.03.31"]
[SourceVersion "1"]
[SourceVersionDate "2023.03.31"]
[SourceQuality "1"]

1. d4 d5 2. c4 e6 3. Nc3 c6 4. e4 dxe4 5. Nxe4 Bb4+ 6. Bd2 Qxd4 7. Bxb4 Qxe4+ 8. Be2 Na6 9. Ba5 b6 10. Qd6 Bd7 11. Bc3 f6 12. 0-0-0 Rd8 13. Qa3 Nb8 14. Qxa7 Qf4+ 15. Kb1 Qxf2 16. Bd4 Qf5+ 17. Bd3 Qa5 18. Qxb6 Qxb6 19. Bxb6 Rc8 20. c5 Ne7 21. a4 Nd5 22. a5 Nb4 23. Bc4 Ke7 24. Nf3 e5 25. Rhe1 Bf5+ 26. Kc1 Be6 27. Bxe6 Kxe6 28. Nd4+ Ke7 29. Nf5+ Ke6 30. Nxg7+ Kf7 31. Nf5 Ke6 32. g4 h5 33. Ng7+ Kf7 34. Nxh5 Nd5 35. Re4 Kg6 36. Rd2 Rce8 37. Ng3 Rh3 38. Ree2 Rh4 39. Nf5 Rxg4 40. Ne3 Rg1+ 41. Kc2 Nf4 42. Rf2 Na6 43. Kc3 Re1 44. Rf3 Ne2+ 45. Kc4 Rh8 46. Nc2 Rh4+ 47. Kb3 Nc1+ 48. Ka3 Ree4 49. b3 Ne2 50. Rd6 Ref4 51. Re3 Rxh2 52. Rxc6 Nc1 53. Rc3 Rff2 54. Bd8 Rxc2 55. Rxc2 Rxc2 56. Rxa6 Rxc5 57. b4 Rc2 58. b5 Ra2+ 59. Kb4 Rb2+ 60. Kc4 Rc2+ 61. Kb4 Rf2 62. Bxf6 Rb2+ 63. Kc5 Nd3+ 64. Kc4 Nb4 65. Bxe5+ Nxa6 66. Bxb2 Nb8 67. a6 Kf5 68. a7 Nd7 69. Bd4 Ke6 70. a8Q Ne5+ 71. Bxe5 Kd7 72. Qc6+ Kd8 73. Bf6# 1-0

[Event "Madrid Alcorcon op 1st"]
[Site "Madrid"]
[Date "2022.12.27"]
[Round "4"]
[White "Perea Fruet, Federico"]
[Black "Candela Martin, Alvaro"]
[Result "1/2-1/2"]
[WhiteElo "1666"]
[BlackElo "1917"]
[PlyCount "51"]
[EventDate "2022.12.26"]
[EventType "swiss"]
[EventRounds "9"]
[EventCountry "ESP"]
[SourceTitle "CBM 212 Extra"]
[Source "ChessBase"]
[SourceDate "2023.03.31"]
[SourceVersion "1"]
[SourceVersionDate "2023.03.31"]
[SourceQuality "1"]

1. e4 e5 2. Nf3 Nc6 3. d4 exd4 4. Nxd4 Bb4+ 5. c3 Bc5 6. Be3 Bb6 7. Qg4 Qf6 8. Qg3 Nxd4 9. Bxd4 Bxd4 10. cxd4 Qxd4 11. Nc3 c6 12. Rd1 Qf6 13. Rd6 Qe7 14. Be2 g6 15. 0-0 Nh6 16. Rfd1 0-0 17. f4 f5 18. e5 Nf7 19. Rxg6+ hxg6 20. Qxg6+ Kh8 21. Rd3 Ng5 22. fxg5 Rf7 23. Rh3+ Rh7 24. Rxh7+ Qxh7 25. Qe8+ Qg8 26. Qh5+ 1/2-1/2

[Event "Madrid-chT Honor 2223"]
[Site "Madrid"]
[Date "2022.12.11"]
[Round "3.6"]
[White "Castejon Caballero, Andres"]
[Black "Candela Martin, Alvaro"]
[Result "0-1"]
[WhiteElo "2027"]
[BlackElo "1917"]
[PlyCount "84"]
[EventDate "2022.11.20"]
[EventType "team-tourn"]
[EventRounds "14"]
[EventCountry "ESP"]
[SourceTitle "EXT 2024"]
[Source "ChessBase"]
[SourceDate "2023.10.10"]
[SourceVersion "1"]
[SourceVersionDate "2023.10.10"]
[SourceQuality "1"]
[WhiteTeam "Alcorcon Diagonal"]
[BlackTeam "Alcala de Henares"]
[WhiteTeamCountry "ESP"]
[BlackTeamCountry "ESP"]

1. e4 e5 2. Nf3 Nc6 3. d4 exd4 4. Bc4 Bc5 5. Ng5 Nh6 6. Nxf7 Nxf7 7. Bxf7+ Kxf7 8. Qh5+ g6 9. Qxc5 d6 10. Qb5 Qe8 11. Nd2 b6 12. 0-0 Kg7 13. h4 Bb7 14. h5 a5 15. Nf3 Qxe4 16. Ng5 Qxg2+ 17. Kxg2 Na7+ 18. Kg3 Nxb5 19. a4 h6 20. Ne6+ Kf6 21. Nf4 Na7 22. Nxg6 Rag8 23. Ra3 Be4 24. Re1 Bxg6 25. hxg6 Rxg6+ 26. Kh4 Kf7 27. Re4 Nc6 28. Rf3+ Rf6 29. Rxf6+ Kxf6 30. c3 Kf5 31. Rf4+ Ke5 32. Rf7 Rc8 33. Bxh6 Ke6 34. Rh7 d3 35. Kg3 Ne5 36. f4 d2 37. f5+ Kxf5 38. Bxd2 Ke4 39. Rh4+ Kd3 40. Rd4+ Kc2 41. b4 Nc6 42. Rd5 Ne7 0-1

[Event "Madrid-ch U16"]
[Site "Madrid"]
[Date "2022.04.02"]
[Round "1"]
[White "Martinez Garcia, Jorge"]
[Black "Candela Martin, Alvaro"]
[Result "0-1"]
[WhiteElo "1609"]
[BlackElo "1947"]
[PlyCount "72"]
[EventDate "2022.04.02"]
[EventType "swiss"]
[EventRounds "6"]
[EventCountry "ESP"]
[SourceTitle "EXT 2024"]
[Source "ChessBase"]
[SourceDate "2023.10.10"]
[SourceVersion "1"]
[SourceVersionDate "2023.10.10"]
[SourceQuality "1"]

1. e4 e5 2. Nf3 Nc6 3. d4 exd4 4. Bc4 Bc5 5. c3 Nf6 6. e5 d5 7. Bb5 Ne4 8. cxd4 Bb6 9. Be3 0-0 10. Nc3 Bg4 11. h3 Bh5 12. g4 Bg6 13. h4 f6 14. h5 Be8 15. Bxc6 Bxc6 16. Qc2 Re8 17. Rd1 Nxc3 18. bxc3 Qd7 19. g5 Ba4 20. Qe2 Bxd1 21. Qxd1 f5 22. Bf4 Qc6 23. Qd3 Ba5 24. Bd2 Rf8 25. Nh4 Qd7 26. g6 h6 27. Rg1 c6 28. Bc1 Bd8 29. Qh3 Bxh4 30. Qxh4 Qd8 31. Qf4 Qa5 32. Qd2 c5 33. Rg3 Rac8 34. e6 cxd4 35. Qxd4 Rc4 36. Qe5 Re4+ 0-1

[Event "ESP-ch U14"]
[Site "Salobrena"]
[Date "2020.08.05"]
[Round "5"]
[White "Candela Martin, Alvaro"]
[Black "Diaz Garcia, Pilar"]
[Result "0-1"]
[WhiteElo "1766"]
[BlackElo "1559"]
[PlyCount "184"]
[EventDate "2020.08.03"]
[EventType "swiss"]
[EventRounds "9"]
[EventCountry "ESP"]
[SourceTitle "EXT 2021"]
[Source "ChessBase"]
[SourceDate "2020.10.23"]
[SourceVersion "1"]
[SourceVersionDate "2020.10.23"]
[SourceQuality "1"]

1. e4 c6 2. d4 d5 3. exd5 cxd5 4. Bd3 Nc6 5. c3 g6 6. Qc2 Nf6 7. h3 Qc7 8. Nf3 Bg7 9. 0-0 0-0 10. Bg5 Nh5 11. Re1 e5 12. dxe5 Nxe5 13. Nxe5 Bxe5 14. Nd2 Bd7 15. Nf3 Bf4 16. Be7 Rfe8 17. Ba3 Nf6 18. Rad1 b5 19. Nd4 a6 20. Nb3 Bc6 21. Bc5 Ne4 22. Bd4 f5 23. Re2 Bd7 24. Rde1 a5 25. a3 a4 26. Nc1 Rac8 27. Na2 Qd6 28. Nb4 Rf8 29. Qd1 Rcd8 30. Rc2 Bg5 31. Qe2 Rb8 32. f3 Rfe8 33. Qd1 Nc5 34. Be2 Nb3 35. Bf2 Be6 36. Kh1 Bf6 37. Bf1 f4 38. Rce2 Kf7 39. Qd3 Nc5 40. Bxc5 Qxc5 41. Na6 Qb6 42. Nxb8 Qxb8 43. Rd2 Qd6 44. Red1 Rb8 45. Qc2 Qc5 46. Bd3 Qe3 47. Re2 Qc5 48. Rde1 Rb6 49. Qd2 Bg5 50. Re5 Bh6 51. Qe2 Qc8 52. Rxe6 Rxe6 53. Qxe6+ Qxe6 54. Rxe6 Kxe6 55. Bxb5 Bg7 56. Bxa4 d4 57. c4 d3 58. b4 Bb2 59. Kg1 Bxa3 60. b5 Kd6 61. b6 Bc5+ 62. Kf1 Bxb6 63. Ke1 Be3 64. Kd1 Kc5 65. Bb3 Kd4 66. h4 Kc3 67. Ba2 Kb2 68. c5 Kxa2 69. c6 Bb6 70. Kd2 Kb3 71. Kxd3 Kb4 72. Ke4 Bc7 73. h5 Kc5 74. hxg6 hxg6 75. Kd3 Kxc6 76. Kd4 Kd6 77. Ke4 Ke6 78. Kd4 Kf5 79. Kd5 g5 80. Kc6 Ba5 81. Kb5 Bd2 82. Kc4 Kg6 83. Kd3 Bb4 84. Ke2 Bc5 85. Kd3 Kh5 86. Ke4 Kh4 87. Kf5 Be3 88. Kg6 Kg3 89. Kxg5 Kxg2 90. Kg4 Kf2 91. Kh3 Kxf3 92. Kh2 Ke2 0-1

[Event "Mostoles op 10th"]
[Site "Mostoles"]
[Date "2019.07.25"]
[Round "8"]
[White "Candela Martin, Alvaro"]
[Black "Fernandez Rodriguez, Juan"]
[Result "1-0"]
[WhiteElo "1631"]
[BlackElo "1442"]
[PlyCount "28"]
[EventDate "2019.07.18"]
[EventType "swiss"]
[EventRounds "9"]
[EventCountry "ESP"]
[SourceTitle "EXT 2021"]
[Source "ChessBase"]
[SourceDate "2020.10.23"]
[SourceVersion "1"]
[SourceVersionDate "2020.10.23"]
[SourceQuality "1"]

1. e4 e6 2. d4 d5 3. Nd2 Nf6 4. e5 Nfd7 5. Bd3 c5 6. c3 Nc6 7. Ne2 cxd4 8. cxd4 Be7 9. 0-0 f5 10. Nf4 Kf7 11. Bxf5 Nxd4 12. Qh5+ Kg8 13. Bxe6+ Nxe6 14. Nxe6 g6 1-0

[Event "Madrid-ch U12"]
[Site "Madrid"]
[Date "2018.04.15"]
[Round "4"]
[White "Torres Rebolledo, Victor"]
[Black "Candela Martin, Alvaro"]
[Result "1/2-1/2"]
[WhiteElo "1368"]
[BlackElo "1536"]
[PlyCount "96"]
[EventDate "2018.04.14"]
[EventType "swiss"]
[EventRounds "6"]
[EventCountry "ESP"]
[SourceTitle "EXT 2019"]
[Source "ChessBase"]
[SourceDate "2018.10.10"]
[SourceVersion "1"]
[SourceVersionDate "2018.10.10"]
[SourceQuality "1"]

1. e4 e5 2. Nf3 Nc6 3. Bc4 Bc5 4. Nc3 Nf6 5. d3 d6 6. h3 Be6 7. Bb3 a6 8. 0-0 h6 9. Re1 0-0 10. Bd2 Nd4 11. Na4 Nxb3 12. axb3 Ba7 13. Nc3 Qd7 14. Ne2 Rfe8 15. Ng3 Bxh3 16. gxh3 Qxh3 17. Be3 Ng4 18. Bxa7 Rxa7 19. Qe2 Re6 20. Qf1 Qxf1+ 21. Rxf1 Rg6 22. Kh1 Nxf2+ 23. Kg2 Ng4 24. Rae1 Nf6 25. Rh1 a5 26. Ra1 Ra6 27. c4 Rb6 28. Nd2 Nd7 29. Rhc1 Nc5 30. Rc3 Ra6 31. Kh3 Kf8 32. Nf5 Ke8 33. d4 exd4 34. Nxd4 c6 35. Rg3 Rxg3+ 36. Kxg3 Nd3 37. Ra2 g6 38. Ne2 Nb4 39. Ra1 c5 40. Nf4 Ke7 41. Nd5+ Nxd5 42. exd5 f5 43. Nf3 Rb6 44. Nd2 Ra6 45. Nf3 b6 46. Re1+ Kf7 47. Re6 b5 48. cxb5 Rb6 1/2-1/2